|
|
|
|
| LEADER |
03400nam a2200385 a 4500 |
| 001 |
0021423 |
| 003 |
BD-DhAAL |
| 008 |
101021s2009 mauab b 001 0 eng d |
| 010 |
|
|
|a 2007051158
|
| 020 |
|
|
|a 655187874243
|
| 020 |
|
|
|a 9780321485731
|
| 020 |
|
|
|a 0321485734
|
| 040 |
|
|
|a DLC
|c DLC
|d DLC
|d BD-DhAAL
|
| 082 |
0 |
0 |
|a 338.90091724
|2 22
|
| 100 |
1 |
|
|a Todaro, Michael P.
|9 13890
|
| 245 |
1 |
0 |
|a Economic development /
|c Michael P. Todaro, Stephen C. Smith.
|
| 250 |
|
|
|a Tenth edition.
|
| 260 |
|
|
|a Boston :
|b Pearson Addison Wesley,
|c c2009.
|
| 300 |
|
|
|a xxvii, 861 p. :
|b ill., maps ;
|c 24 cm
|
| 490 |
0 |
|
|a The addison-wesley series in economics
|
| 504 |
|
|
|a Includes bibliographical references and index.
|
| 526 |
|
|
|a ESS
|x Haydory Akbar Ahmed
Former Lecturer
Department of Economics and Social Sciences (ESS)
BRAC University
Course Name and No. : Economic Growth & Development (ECO 311)
|
| 541 |
1 |
|
|a Essence Science Publications
|e 0021423, 0021424, 0021425, 0021426, 0021427
|
| 650 |
|
0 |
|a Economic development.
|
| 651 |
|
0 |
|a Developing countries
|x Economic policy.
|
| 700 |
1 |
|
|a Smith, Stephen C.,
|d 1955-
|9 13893
|
| 830 |
|
|
|a The addison-wesley series in economics.
|9 57619
|
| 852 |
4 |
|
|a Ayesha Abed Library
|c General Stacks
|
| 942 |
0 |
0 |
|0 1
|2 ddc
|c BK
|
| 999 |
|
|
|c 9855
|d 9855
|
| 952 |
|
|
|0 0
|1 0
|2 ddc
|4 0
|6 338_900917240000000_TOD_2009
|7 0
|9 12632
|a BRACUL
|b BRACUL
|c GEN
|d 2010-10-21
|e Essence Science Publications
|g 4999.00
|l 15
|m 173
|o 338.90091724 TOD
|p 3010021423
|q 2026-03-29
|r 2025-06-29
|s 2025-06-29
|t 1
|v 9998.00
|w 2010-10-21
|y BK
|x Requisitioned by Haydory Akbar Ahmed (Former Lecturer, Department of Economics and Social Sciences (ESS), BRAC University) for the course named - "Economic Growth & Development (ECO 311)".
|
| 952 |
|
|
|0 0
|1 4
|2 ddc
|4 0
|6 338_900917240000000_TOD
|7 0
|9 12633
|a BRACUL
|b BRACUL
|d 2010-10-21
|e Essence Science Publications
|g 4999.00
|l 0
|o 338.90091724 TOD
|p 3010021424
|r 2010-10-21
|t 2
|v 9998.00
|w 2010-10-21
|y BK
|x Koha Inventory 2020 ; Requisitioned by Haydory Akbar Ahmed (Former Lecturer, Department of Economics and Social Sciences (ESS), BRAC University) for the course named - "Economic Growth & Development (ECO 311)".
|
| 952 |
|
|
|0 0
|1 0
|2 ddc
|4 0
|6 338_900917240000000_TOD_2009
|7 0
|9 12634
|a BRACUL
|b BRACUL
|c GEN
|d 2010-10-21
|e Essence Science Publications
|f 4999.00
|g 4999.00
|l 12
|m 101
|o 338.90091724 TOD
|p 3010021425
|r 2019-09-09
|s 2019-05-14
|t 3
|v 9998.00
|w 2010-10-21
|y BK
|x Requisitioned by Haydory Akbar Ahmed (Former Lecturer, Department of Economics and Social Sciences (ESS), BRAC University) for the course named - "Economic Growth & Development (ECO 311)".
|
| 952 |
|
|
|0 0
|1 0
|2 ddc
|4 0
|6 338_900917240000000_TOD_2009
|7 0
|9 12635
|a BRACUL
|b BRACUL
|c GEN
|d 2010-10-21
|e Essence Science Publications
|g 4999.00
|l 12
|m 58
|o 338.90091724 TOD
|p 3010021426
|r 2019-08-25
|s 2019-08-06
|t 4
|v 9998.00
|w 2010-10-21
|y BK
|x Requisitioned by Haydory Akbar Ahmed (Former Lecturer, Department of Economics and Social Sciences (ESS), BRAC University) for the course named - "Economic Growth & Development (ECO 311)".
|
| 952 |
|
|
|0 0
|1 0
|2 ddc
|4 0
|6 338_900917240000000_TOD_2009
|7 0
|9 12636
|a BRACUL
|b BRACUL
|c GEN
|d 2010-10-21
|e Essence Science Publications
|g 4999.00
|l 13
|m 118
|o 338.90091724 TOD
|p 3010021427
|r 2019-09-09
|s 2019-05-14
|t 5
|v 9998.00
|w 2010-10-21
|y BK
|x Requisitioned by Haydory Akbar Ahmed (Former Lecturer, Department of Economics and Social Sciences (ESS), BRAC University) for the course named - "Economic Growth & Development (ECO 311)".
|